• 首页
  • 本馆介绍
  • 公告通知
  • 最新文献
  • 馆藏检索
  • 电子资源
  • 读者导购
  • 参考咨询
  • 我的图书馆
  • 登录
  • 详细信息显示
  • 放入我的书架
  • 预约/预借图书
  • 作者相关作品
  • 分类相关作品
  • 丛书相关作品
  • 出版社相关作品

书目信息

  • 表格格式
  • 工作单格式
  • 卡片格式
题名:
上班前神奇3小时
    
 
作者: 伍春林 著
分册:  
出版信息: 天津   天津人民出版社  2016
页数: 261页
开本: 24cm
丛书名:
单 册:
中图分类: C935-49
科图分类:
主题词: 时间--shi jian--管理--通俗读物
电子资源:
ISBN: 978-7-201-10492-8
000 01012nam0 22002291 450
001 0122100857
005 20170322100857.0
010    @a978-7-201-10492-8@dCNY33.00
100    @a20160801d2016 em y0chiy50 ea
101 0  @achi
102    @aCN@b120000
105    @ay z 000yy
106    @ar
200 1  @a上班前神奇3小时@9shang ban qian shen qi 3xiao shi@f伍春林著
210    @a天津@c天津人民出版社@d2016
215    @a261页@d24cm
330    @a本书共八章,内容包括善用清晨三小时:从职场小卒迅速上位的好方法、善用清晨三小时:不同的时间排列 不同的职场人生、善用清晨三小时:坚持充电 积累自己的核心竞争力、善用清晨三小时:激发自己的潜能 让梦想最大化、善用清晨三小时:速度与激情 赢在工作的起跑线上、善用清晨三小时:忙里偷闲 享受都市慢生活、善用清晨三小时:品味早晨的幸福 开始一天的美好、善用清晨三小时 努力工作 让自己时刻保持新鲜。
606 0  @a时间@9shi jian@x管理@j通俗读物
690    @aC935-49@v5
701  0 @a伍春林@9wu chun lin@4著
801  0 @aCN@bTANGWEI@c20170308
905    @b0960458-61@dC935-49@e563@f4
    
    上班前神奇3小时/伍春林著.-天津:天津人民出版社,2016
    261页;24cm
    
    
    ISBN 978-7-201-10492-8:CNY33.00
    本书共八章,内容包括善用清晨三小时:从职场小卒迅速上位的好方法、善用清晨三小时:不同的时间排列 不同的职场人生、善用清晨三小时:坚持充电 积累自己的核心竞争力、善用清晨三小时:激发自己的潜能 让梦想最大化、善用清晨三小时:速度与激情 赢在工作的起跑线上、善用清晨三小时:忙里偷闲 享受都市慢生活、善用清晨三小时:品味早晨的幸福 开始一天的美好、善用清晨三小时 努力工作 让自己时刻保持新鲜。
●
相关链接 在E读中查询图书 在五车中查询图书 在当当中查询图书 在豆瓣中查询图书


正题名:上班前神奇3小时     索取号:C935-49/563         预约/预借

序号 登录号 条形码 馆藏地/架位号 状态 备注
1 0960458   209604588   第一样本阅览室/ [索取号:C935-49/563] 在馆    
2 0960459   209604597   第一借阅区/ [索取号:C935-49/563] 在馆    
3 0960460   209604604   第一借阅区/ [索取号:C935-49/563] 在馆    
4 0960461   209604613   第一借阅区/ [索取号:C935-49/563] 在馆    
唐山师范学院图书馆 欢迎您!
大连网信软件有限公司© 版权所有